Southville International School and Colleges
Your cart is empty.
  • Cart
  • Lists
    Public lists list_1 View all
    Your lists Log in to create your own lists
  • Log in to your account
  • Your cookies
  • Search history
Southville International School and Colleges
  • Advanced search
  • Recent comments
  • Most popular
  • Libraries

Log in to your account

Log in with GOOGLE


If you do not have an external account, but do have a local account, you can still log in:

  1. Home
  2. MARC view: Treasury of stories /
Normal view MARC view ISBD view

Treasury of stories / (Record no. 112159)

[ view plain ]
MARC details
000 -LEADER
fixed length control field 00478nam a2200157 a 4500
001 - CONTROL NUMBER
control field 3980
005 - DATE AND TIME OF LATEST TRANSACTION
control field 20140414131928.0
008 - FIXED-LENGTH DATA ELEMENTS--GENERAL INFORMATION
fixed length control field 040721s19uu xx 00 eng d
020 ## - INTERNATIONAL STANDARD BOOK NUMBER
International Standard Book Number 0-7097-1442-4
050 ## - LIBRARY OF CONGRESS CALL NUMBER
Classification number M 398.2
Item number T71 2002
245 ## - TITLE STATEMENT
Title Treasury of stories /
Statement of responsibility, etc stories by Maureen Spurgeon ; illustrated by Jane Swift and Stephen Holmes.
260 ## - PUBLICATION, DISTRIBUTION, ETC. (IMPRINT)
Place of publication, distribution, etc England :
Name of publisher, distributor, etc Brown and Watson,
Date of publication, distribution, etc 2002.
300 ## - PHYSICAL DESCRIPTION
Extent 96 p. : ill. ; cm.
650 ## - SUBJECT ADDED ENTRY--TOPICAL TERM
Topical term or geographic name as entry element Children stories.
Holdings
Withdrawn status Lost status Damaged status Use restrictions Home library Current library Shelving location Date acquired Source of acquisition Total Checkouts Full call number Barcode Date last seen Price effective from Koha item type
        Munich Library Munich Library Main Section 07/21/2004     M 398.2 T71 2002 M3231 04/14/2014 04/14/2014 Books

Treasury of stories /

APA

(2002). Treasury of stories. England: Brown and Watson.

Chicago

2002. Treasury of stories. England: Brown and Watson.

Harvard

(2002). Treasury of stories. England: Brown and Watson.

MLA

Treasury of stories. England: Brown and Watson. 2002.

  • Place hold
  • Print
  • Cite
  • Add to your cart (remove)
  • Save record
    BIBTEX Dublin Core MARCXML MARC (non-Unicode/MARC-8) MARC (Unicode/UTF-8) MARC (Unicode/UTF-8, Standard) MODS (XML) RIS
  • More searches
    Search for this title in:
    Other Libraries (WorldCat) Other Databases (Google Scholar) Online Stores (Bookfinder.com) Open Library (openlibrary.org)

Exporting to Dublin Core...

SOUTHVILLE LIBRARY

Southville International School and Colleges Library

1281 Tropical Ave. Cor. Luxembourg St., BF Homes International, Las Pinas City

Tel. No. 8256374 / 252358 Loc. 117/146

Powered by Koha